000 00516nam a22002057a 4500
003 OSt
005 20140310182940.0
008 130204t xxu||||| |||| 00| 0 eng d
020 _a9711108488
050 _aH 61
_b.D994 1994
082 _aFIL 301.2
_bD98 1994
245 _aContemporary social philosophy
_cDy,Manuel B., Jr
260 _aQuezon City
_bJMC PRess
_cc1994
300 _a78 p.
_c26 cm
521 _aCollege
526 _c1210L-1700L
541 _j1
562 _e1
942 _2lcc
_cBK
_kFIL
999 _c17710
_d17710